Komunikačné technológie pre automotív
Saved in:
| Main Author: | |
|---|---|
| Other Authors: | |
| Format: | Manuscript Book |
| Language: | Slovak |
| Published: |
Bratislava :
STU v Bratislave FEI,
2023
|
| Subjects: | |
| Online Access: | https://opac.crzp.sk/?fn=detailBiblioFormChildW75C5&sid=32866E47BC3455BDB4F27DCEA70C&seo=CRZP-detail-kniha |
| Tags: |
No Tags, Be the first to tag this record!
|
MARC
| LEADER | 00000ntm a22000003a 4500 | ||
|---|---|---|---|
| 001 | stuzp92060 | ||
| 003 | SK-STU | ||
| 005 | 20241127100629.6 | ||
| 007 | ta | ||
| 008 | 150427s2015----xo-----f-mn---000-0-slo-d | ||
| 040 | |a STU |b slo | ||
| 041 | 0 | |a slo | |
| 044 | |a xo | ||
| 100 | 1 | |a Krajčovič, Ondrej |u 037000 |4 aut |U FEI Fakulta elektrotechniky a informatiky |T FEI Ústav multimediálnych informačných a komunikačných technológií |X 88727 |U E070 |Y 818 |7 88727 | |
| 242 | 0 | 1 | |a Communication technologies for the automotive industry |y eng |
| 245 | 1 | 0 | |a Komunikačné technológie pre automotív |
| 260 | |a Bratislava : |b STU v Bratislave FEI, |c 2023 | ||
| 300 | |a 99 s. | ||
| 650 | 4 | |a 5G-V2X |2 slo | |
| 650 | 4 | |a V2I |2 slo | |
| 650 | 4 | |a IEEE 802.11p |2 slo | |
| 650 | 4 | |a LTE |2 slo | |
| 650 | 4 | |a ITS |2 slo | |
| 650 | 4 | |a VANET |2 slo | |
| 650 | 4 | |a NetSim |2 slo | |
| 650 | 4 | |a 5G NR |2 slo | |
| 650 | 4 | |a C-V2X |2 slo | |
| 650 | 4 | |a 5G NR |2 eng | |
| 650 | 4 | |a VANET |2 eng | |
| 650 | 4 | |a LTE |2 eng | |
| 650 | 4 | |a ITS |2 eng | |
| 650 | 4 | |a C-V2X |2 eng | |
| 650 | 4 | |a NetSim |2 eng | |
| 650 | 4 | |a IEEE 802.11p |2 eng | |
| 650 | 4 | |a 5G-V2X |2 eng | |
| 650 | 4 | |a V2I |2 eng | |
| 700 | 1 | |a Baroňák, Ivan |u 037000 |k Z1 |4 ths |U FEI Fakulta elektrotechniky a informatiky |T FEI Ústav multimediálnych informačných a komunikačných technológií |X 1925 |U E070 |Y 818 |7 A000001925 | |
| 856 | 4 | |u https://opac.crzp.sk/?fn=detailBiblioFormChildW75C5&sid=32866E47BC3455BDB4F27DCEA70C&seo=CRZP-detail-kniha | |